| 000 | 00635nam a2200217Ia 4500 | ||
|---|---|---|---|
| 005 | 20241129104209.0 | ||
| 008 | 241129s9999||||xx |||||||||||||| ||und|| | ||
| 020 | _a9781032057538 | ||
| 037 | _aTextual | ||
| 040 |
_aRTL _beng _cRTL |
||
| 041 |
_aeng _2eng |
||
| 084 |
_aY15 R2 _qRTL |
||
| 100 |
_aLuna Zakiya; Pirtle N.Laster _9725200 |
||
| 245 | 0 |
_aBlack feminist sociology: Perspectives and praxis _cLuna Zakiya; Pirtle N.Laster |
|
| 260 |
_aNew York _bRoutledge _c2022 |
||
| 300 | _axxiv,323p. | ||
| 365 |
_aINR _b3333.96 |
||
| 650 |
_aBlack Studies _9725201 |
||
| 942 |
_cTB _hY15 R2 |
||
| 999 |
_c1224838 _d1224838 |
||